000
00316nam a2200133Ia 4500
005
20251222155129.0
008
251222s9999||||xx |||||||||||||| ||spa||
082
_a
ENC.17.15
100
_a
Octavario Pérez e.
245
0
_a
La Enciclopedia. Salvat. Vol.15
250
_a
1ra. ed.
264
_b
Salvat
942
_c
LIB
999
_c
38749
_d
38749